000 00918cam a22002411 4500
001 gs 20000106
003 DLC
005 20260227111324.0
008 750404s1919 xx 000 0 eng
010 _ags 20000106
035 _a(OCoLC)1252546
040 _aDLC
_cOTU
_dOCoLC
_dDLC
042 _apremarc
050 0 0 _aQE105
_b.A16 no. 37
100 1 _aCady, Gilbert H.
_q(Gilbert Haven),
_d1882-
245 1 0 _aGeology and mineral resources of the Hennepin and La Salle quadrangles,
_cby Gilbert H. Cady ... work in cooperation with the U. S. Geological survey. Printed by authority of the state of Illinois.
260 _aUrbana, Ill.,
_c1919.
300 _a136 p.
_billus., vi fold., maps (2 in pocket) diagrs.
_c26 cm.
410 1 0 _aIllinois. State geological survey. Bulletin
_vno. 37
650 0 _aGeology
_zIllinois.
650 0 _aMines and mineral resources
_zIllinois.
710 2 _aGeological Survey (U.S.)
999 _c25992
_d25992